000 00355nam a2200145Ia 4500
008 191201s2005 xx 000 0 und d
082 _a658.421
_bHIE
100 _aHISRICH, Robert D
245 0 _aEntrepreneurship
250 _a5th
260 _aN.Delhi
_bTata Mc Graw Hill Pub. co. Ltd
_c2005
300 _a663
650 _aB.Tech(ME)
942 _2ddc
_cBK
999 _c1139
_d1139